<?xml version="1.0" encoding="UTF-8"?>
<collection xmlns="http://www.loc.gov/MARC21/slim">
  <record>
    <leader>00000nam  2200000   4500</leader>
    <controlfield tag="001">INLIS000000000017167</controlfield>
    <controlfield tag="005">20240613102535</controlfield>
    <datafield tag="035" ind1="#" ind2="#">
      <subfield code="a">0010-0624000070</subfield>
    </datafield>
    <controlfield tag="007">ta</controlfield>
    <controlfield tag="008">240613################|##########|#|##</controlfield>
    <datafield tag="084" ind1="#" ind2="#">
      <subfield code="a">R 032 PIM I 2023</subfield>
    </datafield>
    <datafield tag="100" ind1=" " ind2="#">
      <subfield code="a">Christianus Ratrias Dewanto</subfield>
    </datafield>
    <datafield tag="245" ind1="1" ind2="#">
      <subfield code="a">Transformasi Pengawasan Kinerja Riset Menuju Akuntabilitas Kinerja Periset, Sarana Prasarana Riset dan Kegiatan Riset /</subfield>
      <subfield code="c">Christianus Ratrias Dewanto</subfield>
    </datafield>
    <datafield tag="260" ind1="#" ind2="#">
      <subfield code="a">Jakarta :</subfield>
      <subfield code="b">Pusbangkom Pimnas dan Manajerial ASN,</subfield>
      <subfield code="c">2023</subfield>
    </datafield>
    <datafield tag="300" ind1="#" ind2="#">
      <subfield code="a">68 halaman ;</subfield>
      <subfield code="c">30 cm</subfield>
    </datafield>
    <datafield tag="650" ind1="#" ind2="4">
      <subfield code="a">Transformasi Pengawasan</subfield>
    </datafield>
    <datafield tag="650" ind1="#" ind2="4">
      <subfield code="a">Riset</subfield>
    </datafield>
    <datafield tag="520" ind1="#" ind2="#">
      <subfield code="a">Salah satu permasalahan terkait tugas dan fungsi di lingkungan Inspektorat Utama yaitu belum optimalnya penjamin akuntabilitas kinerja RISET (Periset, sarana prasarana riset, dan kegiatan riset). Masalah-masalah yang ditemui meliputi ketidaktersediaan pedoman audit kinerja RISET, penetapan tunjangan kinerja Periset berdasarkan nilai Sasaran Kinerja Pegawai (SKP), ketiadaan pengujian "value for money" terhadap penggunaan sumber daya dan capaian riset, ketiadaan penilaian terhadap efisiensi dan efektivitas pelaksanaan riset, serta metodologi audit masih konvensional. Selain itu, kegiatan pengawasan yang dilakukan oleh Inspektorat Utama BRIN masih terbatas pada aspek keuangan, belum mencakup audit kinerja RISET. Proyek ini disusun untuk memfasilitasi audit kinerja RISET, melibatkan Pimpinan Unit Kerja dan meminimalkan risiko dengan mengimplementasikan aplikasi CACM.</subfield>
    </datafield>
    <datafield tag="856" ind1="#" ind2="#">
      <subfield code="a">Perpustakaan LAN Pusat</subfield>
    </datafield>
    <datafield tag="990" ind1="#" ind2="#">
      <subfield code="a">24.06.032</subfield>
    </datafield>
  </record>
</collection>
